LEADER 01601nas 2200517-- 450 001 996321092103316 005 20230321203154.0 011 $a0065-0498 035 $a(CKB)110978977742201 035 $a(CONSER)---74642658- 035 $a(DE-599)ZDB2852305-2 035 $a(EXLCZ)99110978977742201 100 $a20741203c1970uuuu --- b 101 0 $afre 181 $ctxt$2rdacontent 182 $cc$2rdamedia 183 $acr$2rdacarrier 200 10$aTravaux 210 $a[Bucarest]$cÉditions de l'Académie de la République socialiste de Roumanie 215 $a1 online resource 311 $aPrint version: Travaux. (DLC) 74642658 (OCoLC)1792865 0301-9187 517 1 $aTravaux de l'Institut de spéologie "Emile Racovitza" 531 $aINSTITUT DE SPEOLOGIE EMIL RACOVITZA TRAVAUX 531 $aTRAV INST SPEOL "EMILE RACOVITZA" 531 0 $aTrav. Inst. Spéol. "Emile Racovitza" 606 $aCave animals$vPeriodicals 606 $aCaves$vPeriodicals 606 $aCave animals 606 $aFaune des cavernes 606 $aFaune des cavernes$vPériodiques 606 $aCave animals$2fast$3(OCoLC)fst00849872 606 $aCaves$2fast$3(OCoLC)fst00849907 608 $aPeriodicals.$2fast 615 0$aCave animals 615 0$aCaves 615 0$aCave animals. 615 6$aFaune des cavernes. 615 6$aFaune des cavernes 615 7$aCave animals. 615 7$aCaves. 676 $a591.9/09/44 906 $aJOURNAL 912 $a996321092103316 920 $aexl_impl conversion 996 $aTravaux$9787146 997 $aUNISA LEADER 03005nam 22006014a 450 001 9910783339803321 005 20230617024726.0 010 $a1-280-46387-2 010 $a9786610463879 010 $a1-4237-1446-6 010 $a90-474-0006-2 035 $a(CKB)1000000000030630 035 $a(EBL)253702 035 $a(OCoLC)191946978 035 $a(SSID)ssj0000249843 035 $a(PQKBManifestationID)11204612 035 $a(PQKBTitleCode)TC0000249843 035 $a(PQKBWorkID)10230815 035 $a(PQKB)11743062 035 $a(MiAaPQ)EBC253702 035 $a(Au-PeEL)EBL253702 035 $a(CaPaEBR)ebr10089745 035 $a(CaONFJC)MIL46387 035 $a(OCoLC)935229448 035 $a(EXLCZ)991000000000030630 100 $a20030226e20031713 uy 0 101 0 $aeng 135 $aur|n|---||||| 181 $ctxt 182 $cc 183 $acr 200 14$aThe spirit of prophecy defended$b[electronic resource] /$fedited and with a new introduction by J. Ramsey Michaels 210 $aBoston $cBrill Academic Publishers$d2003 215 $a1 online resource (582 p.) 300 $aOriginally published: The general delusion of Christians. 1713. With new introd. 311 $a0-391-04185-1 327 $aCONTENTS; List of Illustrations; Introduction to The Spirit of Prophecy Defended, 2003 Edition; Preface of Edward Irving (1832); PART ONE - A minute Inquiry into the Scripture, touching the several Ways used of God in revealing himself; namely, the Apparition of Angels, Divine Dreams, Prophetic Visions, Voices heard, and Inspir; PART TWO - Extract from most of the Writers now extant unto the Time of Constantine; shewing from them that the Spirit of Prophecy continued to be publicly acknowledged existing for three hundred Year 327 $aPART THREE - Imports that the Spirit which was condemned by some Churches, during the said Ages, under the Name of Montanism, for diabolical, was probably, by all that appears of it upon any good AuthPART FOUR - Gives an Account of many now-a-days prevailing Principles, touching the Spirit of Prophecy, which are proved to be antiscriptural, and which nevertheless are taken to be decisive, in the T 330 $aFirst published in 1713 as ""The General Delusion of Christians"", this is an apology for the miracles, signs and wonders of the Christian past and the so-called French prophets. This edition includes the text of the 1713 edition, John Lacy's marginalia, and the notes and preface of Edward Irving. 606 $aRevelation$vEarly works to 1800 606 $aProphecy$xChristianity$vEarly works to 1800 615 0$aRevelation 615 0$aProphecy$xChristianity 676 $a231.7/4 700 $aLacy$b John$fb. 1664.$01494455 701 $aMichaels$b J. Ramsey$01494456 801 0$bMiAaPQ 801 1$bMiAaPQ 801 2$bMiAaPQ 906 $aBOOK 912 $a9910783339803321 996 $aThe spirit of prophecy defended$93718001 997 $aUNINA